Die prima octobris in festo Sancti Angeli, regni custodis duplex secundae classis cum octava

Detalles Bibliográficos
Formato: Libro
Lenguaje:Latin
Publicado: Matriti : ex typographia Regiae Societatis, 1825.
Materias:
Colección:Banco de datos
Acervo:Seminario Conciliar de Nuestra Señora de Guadalupe Querétaro. Qro.. Biblioteca Florencio Rosas. Fondo Reservado
Descripción Física:16 p. ; 4°
Tema general:Liturgia
Notas:Pie de imprenta tomado del colofón. Colofón: Matriti ex typographia Regiae Societatis 1825. Texto a dos tintas y a dos columnas con paginación en números arábigos
LEADER 00883nam a22001810004500
035 |a 2850 
041 0 |a lat 
245 1 0 |a Die prima octobris in festo Sancti Angeli, regni custodis duplex secundae classis cum octava 
260 |a Matriti : ex typographia Regiae Societatis, 1825.  
300 |a 16 p. ; 4° 
500 |a Pie de imprenta tomado del colofón. Colofón: Matriti ex typographia Regiae Societatis 1825. Texto a dos tintas y a dos columnas con paginación en números arábigos 
501 |a 13 obras 
504 |a Este documento impreso no tiene portada sino una rúbrica o título de partida al comienzo del texto de donde se ha tomado el título 
650 1 0 |a Liturgia 
949 |a Fondo Reservado: 6128-L 
942 |c QUER-RES 
943 |g Seminario Conciliar de Nuestra Señora de Guadalupe Querétaro. Qro.. Biblioteca Florencio Rosas. Fondo Reservado 
999 |c 1110514  |d 1110514